MARC

LEADER 00000nam0a2200000 4500
001 52455
005 20231101211353.0
035 |a (RuTPU)RU\TPU\book\54963 
090 |a 52455 
100 |a 20030530d2000 m y0rusy50 ca 
101 0 |a rus 
102 |a RU 
105 |a y z 000za 
200 1 |a На крутом подъеме  |e Фрагменты из жизни горного инженера  |f А. К. Земцов 
210 |a Томск  |d 2002 
215 |a 98 с. 
600 1 |a Земцов  |b А. К.  |f 1928-  |g Анатолий Кондратьевич  |y Томск  |c горный инженер  |2 stltpush  |3 (RuTPU)RU\TPU\pers\8481 
606 1 |a Медицина  |2 stltpush  |3 (RuTPU)RU\TPU\subj\41780  |9 61564 
610 1 |a горное дело 
610 1 |a история 
610 1 |a медицина 
610 1 |a здоровье 
610 1 |a шахты 
610 1 |a метан 
610 1 |a Сибирь 
610 1 |a Кузбасс 
610 1 |a головная боль 
610 1 |a сердце 
610 1 |a желудочно-кишечные заболевания 
610 1 |a дыхание 
610 1 |a грипп 
610 1 |a урология 
610 1 |a автобиографии 
675 |a 622(092)  |v 3 
675 |a 61(092)  |v 3 
700 1 |a Земцов  |b А. К.  |c горный инженер  |f 1928-  |g Анатолий Кондратьевич  |2 stltpush  |3 (RuTPU)RU\TPU\pers\8481 
801 1 |a RU  |b 63413507  |c 20030530  |g PSBO 
801 2 |a RU  |b 63413507  |c 20221011  |g PSBO 
942 |c BK